000 00765nam a2200265Ia 4500
003 OSt
005 20221005065218.0
006 a|||||r|||| 00| 0
007 ta
008 221004b |||||||| |||| 00| 0 eng d
020 _a0674962079 (pbk)
024 _a47848
037 _cTextual
040 _aCRL
_cCRL
_beng
041 _2eng
_aeng
082 _aO111,3:gM, L5
100 _aJerome H. Buckley Ed.
_9604549
245 0 _aWorlds of victorian fiction edited by Jerome H. Buckley
260 _aMassachusetts
_bHarvard University Press UK
_c1975
300 _a416p.
_ccm.
490 _aHarvard English Studies
650 _aENGLISH LITERATURE
942 _hO111,3:gM, L5
_cTEXL
_2cc
999 _c974179
_d974179